000 00310 a2200121 4500
000 nam a22 7a 4500
005 20260410100618.0
020 _a9781394196869
100 _aRogayeh Tabrizi
_91234584
245 _aBehavioral AI: Unleash Decision Making with Data
260 _bWiley
_c2025
942 _cTEXL
999 _c1848188
_d1848188